书目信息 |
| 题名: |
数字逻辑基础与Verilog设计
|
|
| 作者: | 布朗 , 弗拉内希奇 著 ;夏宇闻 译 | |
| 分册: | ||
| 出版信息: | 北京 机械工业出版社 2008 |
|
| 页数: | 479页 | |
| 开本: | 26cm | |
| 丛书名: | 电子与电气工程丛书 | |
| 单 册: | ||
| 中图分类: | TP312 , TP302.2 | |
| 科图分类: | ||
| 主题词: | 数字逻辑--shu zi luo ji--逻辑系统 , VHDL语言--VHDL yu yan--程序设计 | |
| 电子资源: | ||
| ISBN: | 978-7-111-22182-1 | |
| 000 | 01488nam 2200337 450 | |
| 001 | 0100000591 | |
| 005 | 20080612110845.17 | |
| 010 | @a978-7-111-22182-1@dCNY65.00 (含光盘) | |
| 100 | @a20080529d2008 em y0chiy0121 ea | |
| 101 | 1 | @achi@ceng |
| 102 | @aCN@b110000 | |
| 105 | @aak a 000yy | |
| 200 | 1 | @a数字逻辑基础与Verilog设计@Ashu zi luo ji ji chu yu Verilog she ji@d= Fundamentals of digital logic with verilog design@f(加) Stephen Brown, Zvonko Vranesic著@g夏宇闻等译@zeng |
| 210 | @a北京@c机械工业出版社@d2008 | |
| 215 | @a479页@c图@d26cm@e光盘1片 | |
| 225 | 2 | @a电子与电气工程丛书@Adian zi yu dian qi gong cheng cong shu |
| 305 | @a据The McGraw-Hill Companies, Inc. 2008年英文版第2版译出 | |
| 306 | @a由机械工业出版社和美国麦格劳-希尔教育(亚洲)出版公司合作出版@a本书实际出版日期为2007年 | |
| 320 | @a有书目 | |
| 330 | @a本书系统介绍数字逻辑基本概念与实际应用。主要内容包括:逻辑电路、组合逻辑、算术运算电路、存储元件、同步时序电路(有限状态机)、异步时序电路、测试等。 | |
| 410 | 0 | @12001 @a电子与电气工程丛书 |
| 500 | 10 | @aFundamentals of digital logic with verilog design@mChinese |
| 606 | 0 | @a数字逻辑@Ashu zi luo ji@x逻辑系统 |
| 606 | 0 | @aVHDL语言@AVHDL yu yan@x程序设计 |
| 690 | @aTP312@v4 | |
| 690 | @aTP302.2@v4 | |
| 701 | 1 | @a布朗@Abu lang@g(Brown, Stephen)@4著 |
| 701 | 1 | @a弗拉内希奇@Afu la na xi ji@g(Vranesic, Zvonko)@4著 |
| 702 | 0 | @a夏宇闻@Ajia yu wen@4译 |
| 801 | 0 | @aCN@c20080612 |
| 905 | @b20801419-21@dTP302.2@eB982@fTP302.2/B982 | |
| 数字逻辑基础与Verilog设计= Fundamentals of digital logic with verilog design/(加) Stephen Brown, Zvonko Vranesic著/夏宇闻等译.-北京:机械工业出版社,2008 |
| 479页:图;26cm+光盘1片.-(电子与电气工程丛书) |
| ISBN 978-7-111-22182-1:CNY65.00 (含光盘) |
| 本书系统介绍数字逻辑基本概念与实际应用。主要内容包括:逻辑电路、组合逻辑、算术运算电路、存储元件、同步时序电路(有限状态机)、异步时序电路、测试等。 |
| ● |
| 相关链接 |
|
|
|
正题名:数字逻辑基础与Verilog设计
索取号:TP302.2/B982
 
预约/预借
| 序号 | 登录号 | 条形码 | 馆藏地/架位号 | 状态 | 备注 |
| 1 | 260993 | 202609935 | 自科库301/301自科库 45排7列4层/ [索取号:TP302.2/B982] | 在馆 | |
| 2 | 260994 | 202609944 | 自科库301/301自科库 45排7列4层/ [索取号:TP302.2/B982] | 在馆 | |
| 3 | 800446 | 208004461 | 自科库301/301自科库 45排7列4层/ [索取号:TP302.2/B982] | 在馆 | |
| 4 | 800447 | 208004470 | 自科二线400A/400A自科库 1排1列4层/ [索取号:TP302.2/B982] | 在馆 | |
| 5 | 800448 | 208004489 | 自科库301/301自科库 45排7列4层/ [索取号:TP302.2/B982] | 在馆 |